Formule 1 - Champions du monde - Mort subite - Statistiques

Statistiques générales
  • Ce quiz a été pris 36 190 fois
    11 046 depuis la dernière actualisation
  • Le résultat moyen est 7 sur 14
Answers on the Grid
Answers color-coded by a green-red scale on the quiz's grid according to % correct below.
Fernando Alonso
Sebastian Vettel
Nigel Mansell
Jody Scheckter
Jackie Stewart
Juan Manuel Fangio
Phil Hill
Niki Lauda
Kimi Räikkönen
Jenson Button
Mika Häkkinen
Nelson Piquet
Alain Prost
Lewis Hamilton
Giancarlo Fisichella
Romain Grosjean
Bruno Senna
Nico Hülkenberg
Sergio Pérez
Jean Alesi
Jacques Laffite
Daniel Ricciardo
Carlos Sainz
Oscar Piastri
Valtteri Bottas
Clay Regazzoni
Luigi Fagioli
Carlos Reutemann
Stirling Moss
Jos Verstappen
Gilles Villeneuve
Nikita Mazepin
David Coulthard
Ralf Schumacher
Carlos Pace
Eddie Irvine
Mark Webber
Felipe Massa
Rubens Barrichello
Charles Leclerc
 
Statistiques - réponses
Réponse % Correct
2008, 2014-2020 Lewis Hamilton
63%
2010-2013 Sebastian Vettel
60%
1985-1986, 1989, 1993 Alain Prost
59%
2005-2006 Fernando Alonso
58%
2007 Kimi Räikkönen
55%
1975-1977, 1984 Niki Lauda
55%
2009 Jenson Button
51%
1950, 1954-1957 Juan Manuel Fangio
49%
1999-2000 Mika Häkkinen
48%
1981, 1983, 1987 Nelson Piquet
48%
1992 Nigel Mansell
44%
1969, 1971, 1973 Jackie Stewart
42%
1961 Phil Hill
36%
1979 Jody Scheckter
29%
Aucun quiz correspondant
Distribution des résultats
% des personnes avec chaque résultat
Percentile par nombre de réponses
Votre historique - résultats
Vous n’avez pas pris ce quiz depuis la dernière actualisation